Situación previsional en las SAS, SAU y sociedades de la Sección IV de la LGS (Registro nro. 21236)

Detalles MARC
000 -LEADER
fixed length control field 00411 a2200121 4500
001 - CONTROL NUMBER
control field ART_46340
005 - DATE AND TIME OF LATEST TRANSACTION
control field 20260410161808.0
008 - FIXED-LENGTH DATA ELEMENTS--GENERAL INFORMATION
fixed length control field 260409a
100 1# - MAIN ENTRY--PERSONAL NAME
Personal name Franzone, María Elena
245 10 - TITLE STATEMENT
Title Situación previsional en las SAS, SAU y sociedades de la Sección IV de la LGS
700 1# - ADDED ENTRY--PERSONAL NAME
Personal name Maligne, Alejandro M.
773 0# - HOST ITEM ENTRY
Title Doctrina Societaria y Concursal
Related parts - N°366 (mayo 2018)
Record control number REV4298

No hay ítems disponibles.